000 01180nam a2200289Ia 4500
003 OSt
005 20221005111923.0
006 a|||||r|||| 00| 0
007 ta
008 221004b |||||||| |||| 00| 0 san d
020 _a9788170804512 (hbk (Part 2))
_c800
024 _a25326
037 _b370, 08/03/2016, Eastern Book Linkers
_cTextual
040 _aCRL
_cCRL
_bsan
041 _2san
_asan
082 _aP15,C:3x4,1, 152Q5.2
100 _aभर्तृहरि
245 0 _aवाक्यपदीयम्
246 _aVākyapadīyam
260 _aवाराणसी
_bचौखम्बा संस्कृत सीरीज आफिस भारत
_c2015
300 _a584पृ0
_ccm.
490 _vभाग 2
_aचौखम्बा संस्कृत सीरीज; 159
650 _aसंस्कृत भाषा
700 _a तिवारी, हरिनारायण, संपा.
942 _hP15,C:3x4,1, 152Q5.2
_cTEXL
_2cc
999 _c1023300
_d1023300